| 000 | 00697nam a2200265 a 4500 | ||
|---|---|---|---|
| 001 | 000115935 | ||
| 003 | CHAP | ||
| 005 | 20220329144554.0 | ||
| 008 | 190819s2017 mx |r| ||||||spa d | ||
| 010 | _a112396 | ||
| 011 | _a113368 | ||
| 020 | _a9786077473909 | ||
| 040 | _cCHAP | ||
| 082 | 0 | 4 |
_a632.95e _bC37 |
| 100 | 0 | 0 |
_aCarson, Rachel L. _919598 |
| 245 | 1 | 0 |
_aPrimavera silenciosa / _cpor Rachel L. Carson. |
| 260 |
_aCiudad de México : _bEdiciones Culturales Paidos, _c2017. |
||
| 300 | _a370 p. | ||
| 534 |
_pTít. original : _tSilent Spring |
||
| 590 |
_aE5765TAJ _b05 _c20190819 _lUCH01 _h1422 |
||
| 650 | 1 | 4 |
_aPesticidas. _987536 |
| 901 | _aBK | ||
| 942 | _cLIBRO | ||
| 942 | _n0 | ||
| 999 |
_c112396 _d112396 |
||